Les misérables

Guardado en:
Bibliografiske detaljer
Hovedforfatter: Hugo, Víctor Marie, Comte
Format: Bog
Sprog:Undetermined
Udgivet: París, Francia Bordas 1977
Fag:
Tags: Tilføj Tag
Ingen Tags, Vær først til at tagge denne postø!

MARC

LEADER 00000nam a2200000Ia 4500
008 170316s9999 xx 000 0 und d
040 |a cru BVZT 
090 |a 840 H-2m 
100 |a Hugo, Víctor Marie, Comte 
245 |a Les misérables 
260 |a París, Francia 
260 |b Bordas 
260 |c 1977 
300 |a 255 páginas 
650 |a LITERATURA FRANCESA 
999 |c 7740  |d 7740 
942 |c 15 D  |h 840 H-2m  |2 z